[Event "Nuremberg op"]
[Site "Nuremberg"]
[Date "2019.11.16"]
[Round "3"]
[White "Varkentin, Wilhelm"]
[Black "Banzhaf, Steffen"]
[Result "1-0"]
[WhiteElo "1965"]
[BlackElo "1537"]
[PlyCount "91"]
[EventDate "2019.11.15"]
[EventType "swiss"]
[EventRounds "5"]
[EventCountry "GER"]
[SourceTitle "CBM 193 Extra"]
[Source "ChessBase"]
[SourceDate "2020.01.31"]
[SourceVersion "1"]
[SourceVersionDate "2020.01.31"]
[SourceQuality "1"]

1. Nf3 d5 2. e3 Nf6 3. c4 c6 4. Nc3 e6 5. b3 Be7 6. Bb2 Nbd7 7. Qc2 Qc7 8. Be2 0-0 9. Rg1 dxc4 10. bxc4 Ne5 11. Nd4 Ng6 12. f4 e5 13. fxe5 Nxe5 14. 0-0-0 Bg4 15. Nf3 Nxf3 16. gxf3 Bh5 17. Rg2 Bg6 18. e4 Rfd8 19. d4 Nh5 20. Qd2 Nf4 21. Rg4 Nxe2+ 22. Qxe2 f5 23. Rg2 fxe4 24. fxe4 Qf4+ 25. Qd2 Qxd2+ 26. Rdxd2 Bb4 27. Rg4 Rd7 28. e5 Re8 29. Rf2 Bf7 30. Ne4 Kh8 31. a3 Bf8 32. Rgf4 Kg8 33. c5 Bd5 34. Rg4 Bxe4 35. Rxe4 g6 36. Kc2 b6 37. cxb6 axb6 38. Rd2 Rd5 39. Kb3 b5 40. Rc2 Re6 41. Rf4 c5 42. Rxf8+ Kxf8 43. dxc5 Rexe5 44. Bxe5 Rxe5 45. Kb4 h5 46. c6 1-0

[Event "Nuremberg op"]
[Site "Nuremberg"]
[Date "2019.11.15"]
[Round "1"]
[White "Kroneder, Christian"]
[Black "Banzhaf, Steffen"]
[Result "1-0"]
[WhiteElo "2024"]
[BlackElo "1537"]
[PlyCount "43"]
[EventDate "2019.11.15"]
[EventType "swiss"]
[EventRounds "5"]
[EventCountry "GER"]
[SourceTitle "CBM 193 Extra"]
[Source "ChessBase"]
[SourceDate "2020.01.31"]
[SourceVersion "1"]
[SourceVersionDate "2020.01.31"]
[SourceQuality "1"]

1. d4 Nf6 2. Bf4 e6 3. e3 d5 4. Nd2 Bd6 5. Bg3 0-0 6. Bd3 b6 7. Ngf3 Ba6 8. c4 dxc4 9. Nxc4 Bb4+ 10. Kf1 Bb7 11. Rc1 Nbd7 12. Qc2 Re8 13. Nce5 Bd6 14. Ng5 Bxe5 15. dxe5 h6 16. Nxf7 Kxf7 17. Bg6+ Kg8 18. exf6 Rf8 19. Bh7+ Kh8 20. fxg7+ Kxg7 21. Qg6+ Kh8 22. Qxh6 1-0